[Event "Pamplona"]
[Site "?"]
[Date "1994.??.??"]
[Round "?"]
[White "Zvjaginsev, V."]
[Black "Topalov, V."]
[Result "1-0"]
[WhiteElo "2585"]
[BlackElo "2645"]
[PlyCount "97"]
[EventDate "1994.??.??"]
[Source "ChessBase"]
[SourceDate "1994.10.01"]

1. d4 Nf6 2. c4 c5 3. d5 b5 4. Nf3 g6 5. Qc2 bxc4 6. e4 Bg7 7. Bxc4 d6 8. O-O O-O 9. h3 Nbd7 10. Rd1 Nb6 11. Be2 e6 12. dxe6 Bxe6 13. Nc3 Qe7 14. Bg5 h6 15. Bh4 Rad8 16. Re1 g5 17. Bg3 Nh5 18. Bh2 f5 19. exf5 Bxf5 20. Qd1 d5 21. g4 Be4 22. gxh5 Qf7 23. Nxe4 dxe4 24. Qc2 exf3 25. Bf1 Qxh5 26. Re7 Rf7 27. Rae1 Bd4 28. Bc7 Rdf8 29. Bxb6 axb6 30. Bc4 Qh4 31. Bxf7+ Kh8 32. R1e3 Qxh3 33. Qh7+ Kxh7 34. Be6+ Kg6 35. Bxh3 Bxe3 36. Rxe3 h5 37. Bd7 g4 38. Re6+ Kg5 39. Rxb6 Rf4 40. Rc6 Rc4 41. b4 Rxb4 42. Rxc5+ Kh4 43. Be8 g3 44. Rxh5+ Kg4 45. Rb5 Rd4 46. Bh5+ Kf4 47. fxg3+ Kxg3 48. Rg5+ Kh4 49. Rg4+ 1-0

[Event "Nederland"]
[Site "?"]
[Date "1997.??.??"]
[Round "?"]
[White "Timman, J."]
[Black "Rogers, I."]
[Result "1/2-1/2"]
[WhiteElo "2630"]
[BlackElo "2600"]
[PlyCount "87"]
[EventDate "1997.??.??"]
[Source "ChessBase"]
[SourceDate "1997.02.01"]

1. d4 Nf6 2. c4 c5 3. d5 b5 4. Nf3 g6 5. cxb5 a6 6. b6 Qxb6 7. Nc3 Bg7 8. e4 O-O 9. Be2 d6 10. O-O Nfd7 11. Qc2 a5 12. Bg5 Re8 13. Nd2 Ba6 14. Nc4 Qc7 15. Rad1 Nb6 16. Ne3 a4 17. Ng4 a3 18. b3 Bxe2 19. Nxe2 Na6 20. Nh6+ Kf8 21. f4 Nd7 22. e5 Nb4 23. Qb1 dxe5 24. fxe5 Nxe5 25. Nf4 Ra6 26. Nxf7 Kg8 27. Ne6 Rxe6 28. dxe6 Ng4 29. Bf4 Qb6 30. Kh1 Qxe6 31. Ng5 Qf5 32. Ne4 Be5 33. Bxe5 Qxe5 34. Ng3 Qe3 35. Ne4 Qh6 36. h3 Ne3 37. Qc1 Nxa2 38. Qd2 Nb4 39. Qd7 Ra8 40. Qe6+ Kh8 41. Qxe7 Nxf1 42. Rd8+ Rxd8 43. Qxd8+ Kg7 44. Qe7+ 1/2-1/2

[Event "PA"]
[Site "Philadelphia, PA USA"]
[Date "1995.??.??"]
[Round "?"]
[White "Yermolinsky, Alex"]
[Black "Kaidanov, Gregory S"]
[Result "1-0"]
[WhiteElo "2580"]
[BlackElo "2605"]
[PlyCount "67"]
[EventDate "1995.??.??"]
[Source "www.chesslib.no"]
[SourceDate "2004.05.04"]

1. d4 Nf6 2. c4 c5 3. d5 b5 4. Nf3 b4 5. a3 g6 6. Be3 bxa3 7. Rxa3 d6 8. Nc3 Bg7 9. g3 O-O 10. Bg2 Nbd7 11. O-O Nb6 12. b3 a5 13. Bd2 Bd7 14. Qc2 Qc7 15. e4 Ra7 16. h3 Rfa8 17. Rfa1 Ne8 18. R1a2 Qc8 19. Nb5 Bxb5 20. cxb5 c4 21. Rxa5 Rxa5 22. Bxa5 cxb3 23. Qxb3 Qc4 24. Qb1 Bc3 25. Bf1 Qxa2 26. Qxa2 Bxa5 27. Qb3 Nf6 28. Qe3 Nbd7 29. e5 Bb6 30. Qe2 Nxd5 31. e6 N7f6 32. exf7+ Kg7 33. Bg2 Nc3 34. Qxe7 1-0

[Event "57th ch-RUS Qualifier"]
[Site "St Petersburg"]
[Date "2004.05.22"]
[Round "2"]
[White "Popov, Valerij"]
[Black "Tregubov, Pavel V"]
[Result "1/2-1/2"]
[WhiteElo "2547"]
[BlackElo "2636"]
[PlyCount "181"]
[EventDate "2004.05.01"]
[Source "Roberto Alvarez"]
[SourceDate "2004.05.31"]

1. d4 Nf6 2. Nf3 c5 3. d5 b5 4. c4 b4 5. a3 g6 6. axb4 cxb4 7. e4 Nxe4 8. Qd4 Nf6 9. Rxa7 Rxa7 10. Qxa7 Na6 11. Be3 d6 12. Be2 Bg7 13. O-O Qd7 14. Qb6 O-O 15. Nd4 Ne4 16. Bf3 Nec5 17. Qb5 Bxd4 18. Bxd4 Qc7 19. Bxc5 Qxc5 20. Qxc5 Nxc5 21. Nd2 Bf5 22. Ra1 b3 23. Bd1 Rb8 24. Kf1 Rb4 25. Ke1 Bc2 26. Ke2 Bd3+ 27. Ke3 Bxc4 28. Ra8+ Kg7 29. Kd4 Be2+ 30. Kc3 Ra4 31. Rxa4 Nxa4+ 32. Kb4 Bxd1 33. Kxa4 Kf6 34. Nc4 Bc2 35. f3 Kf5 36. Kb4 Kf4 37. Kc3 h5 38. Kd2 h4 39. Ke2 g5 40. Na5 Ke5 41. Nc6+ Kxd5 42. Nxe7+ Kc5 43. g3 hxg3 44. hxg3 d5 45. Ke3 d4+ 46. Ke2 f5 47. Ng8 Kd6 48. Nf6 Ke5 49. Nd7+ Ke6 50. Nb6 Kd6 51. Nc4+ Kd5 52. Nb6+ Ke6 53. Nc4 Kf6 54. Kd2 g4 55. fxg4 fxg4 56. Ke2 Be4 57. Nd2 Bd5 58. Kd3 Ke5 59. Ke2 Be6 60. Kd3 Bd5 61. Ke2 Kd6 62. Ke1 Kc5 63. Kf2 Bc4 64. Ne4+ Kc6 65. Nf6 Be6 66. Ne4 Kd5 67. Nd2 Ke5 68. Ke2 Bf7 69. Kd3 Be8 70. Ke2 Ba4 71. Kf2 Kd5 72. Ke2 Bb5+ 73. Ke1 Bc4 74. Kf2 Kc5 75. Ne4+ Kc6 76. Nf6 Be6 77. Ne4 Kb5 78. Nd2 Kb4 79. Ke2 Bf5 80. Kf2 Bd3 81. Ke1 Bb5 82. Kf2 Bc4 83. Ke1 Bd5 84. Ke2 Kc5 85. Kd3 Be6 86. Ke4 Bd5+ 87. Kf4 Be6 88. Ke4 Bd5+ 89. Ke5 d3 90. Nb1 Bf3 91. Nd2 1/2-1/2

[Event "otb"]
[Site "otb"]
[Date "2007.05.22"]
[Round "2"]
[White "Ivanisevic Ivan"]
[Black "Vuckovic Bojan"]
[Result "1/2-1/2"]
[WhiteElo "2614"]
[BlackElo "2555"]
[PlyCount "81"]
[Source "www.chesslib.no"]
[SourceDate "2004.05.04"]

1. d4 Nf6 2. c4 c5 3. d5 b5 4. Nd2 bxc4 5. e4 c3 6. bxc3 g6 7. Nc4 d6 8. Qa4+ Nbd7 9. Rb1 Qc7 10. Bd3 Bg7 11. Nf3 O-O 12. O-O Rb8 13. Bf4 Nb6 14. Qa5 Nh5 15. Be3 f5 16. e5 f4 17. Bd2 Bg4 18. Rfe1 Bxf3 19. gxf3 Bxe5 20. Nxe5 dxe5 21. c4 Nf6 22. Bc3 Nfd7 23. Rb2 Na8 24. Qxc7 Nxc7 25. Reb1 Rb6 26. Ba5 Ra8 27. Bf1 Rxb2 28. Rxb2 Nb6 29. Re2 Ne8 30. Rxe5 Kf7 31. Re4 g5 32. Re6 Nd6 33. Bc3 Nbxc4 34. Rh6 Nf5 35. Rc6 Nb6 36. Bh3 Nd4 37. Rxc5 Nxf3+ 38. Kg2 Na4 39. Rc7 Nh4+ 40. Kf1 Nxc3 41. Rxc3 1/2-1/2

[Event "It, RU"]
[Site "?"]
[Date "1997.??.??"]
[Round "1"]
[White "Ivanov Sergey"]
[Black "Khalifman Alexander"]
[Result "1/2-1/2"]
[WhiteElo "2515"]
[BlackElo "2650"]
[PlyCount "46"]
[EventDate "1997.??.??"]
[Source "www.chesslib.no"]
[SourceDate "2004.05.04"]

1. d4 Nf6 2. c4 c5 3. d5 b5 4. Nf3 g6 5. cxb5 a6 6. Nc3 axb5 7. d6 Bb7 8. e3 exd6 9. Bxb5 d5 10. O-O Bg7 11. Be2 O-O 12. Ne1 Na6 13. Bf3 Nc7 14. Bh5 Ne6 15. Qd2 Nf4 16. exf4 Ba6 17. f3 d4 18. Ne4 Rc8 19. Qc3 Bb5 20. b3 dxc3 21. a4 c4 22. bxc4 Rc7 23. axb5 Re8 1/2-1/2

[Event "Mind Sports Games - Blitz Team"]
[Site "Pechino CINA"]
[Date "2008.10.13"]
[Round "7"]
[White "Kunte, A."]
[Black "Kryvoruchko, Y."]
[Result "1/2-1/2"]
[WhiteElo "2536"]
[BlackElo "2627"]
[PlyCount "100"]
[EventDate "2008.10.13"]
[Source "www.chesslib.no"]
[SourceDate "2004.05.04"]

1. d4 Nf6 2. Nf3 c5 3. d5 b5 4. c4 bxc4 5. Nc3 d6 6. Bg5 Nbd7 7. e4 g6 8. Bxc4 Bg7 9. O-O O-O 10. Qd2 Rb8 11. b3 Ng4 12. h3 Nge5 13. Nxe5 Nxe5 14. Be2 f5 15. exf5 Bxf5 16. Bh6 Rb4 17. Bxg7 Kxg7 18. f4 Nf7 19. Bc4 Nh6 20. Rae1 Ng8 21. Re3 Rb8 22. Rfe1 Rf7 23. Qb2 Kf8 24. g4 Bd7 25. Ne4 h6 26. Rf1 Qc8 27. Ng3 Bb5 28. Qc2 Bxc4 29. bxc4 Kg7 30. f5 Qf8 31. fxg6 Rxf1+ 32. Nxf1 Qf4 33. Qc3+ Qd4 34. Qxd4+ cxd4 35. Rd3 Rb2 36. a3 Ra2 37. Nd2 Kxg6 38. Nf3 Rc2 39. Nxd4 Rxc4 40. Nc6 e5 41. Nxa7 e4 42. Rd2 Ra4 43. Nb5 Rxa3 44. Nxd6 Nf6 45. Kg2 Rd3 46. Rxd3 exd3 47. Nc4 Nxd5 48. Ne5+ Kg5 49. Nxd3 Nf4+ 50. Nxf4 Kxf4 1/2-1/2

[Event "Haifa"]
[Site "Haifa"]
[Date "1996.??.??"]
[Round "3"]
[White "Greenfeld, Alon"]
[Black "Alterman, Boris"]
[Result "1/2-1/2"]
[WhiteElo "2560"]
[BlackElo "2585"]
[PlyCount "24"]
[EventDate "1996.06.??"]
[Source "ChessBase"]

1. d4 Nf6 2. c4 c5 3. d5 b5 4. Nf3 b4 5. Nbd2 g6 6. e4 d6 7. b3 Bg7 8. Bb2 O-O 9. g3 e6 10. dxe6 Bxe6 11. Bg2 Nc6 12. O-O Qc7 1/2-1/2

[Event "Nimzowitsch"]
[Site "Naestved Nimzowitsch"]
[Date "1985.??.??"]
[Round "9"]
[White "Agdestein, Simen"]
[Black "Vaganian, Rafael A"]
[Result "0-1"]
[WhiteElo "2500"]
[BlackElo "2640"]
[PlyCount "58"]
[EventDate "1985.??.??"]
[Source "www.chesslib.no"]
[SourceDate "2004.05.04"]

1. d4 Nf6 2. Nf3 c5 3. d5 b5 4. c4 g6 5. Qc2 Bg7 6. cxb5 Nxd5 7. e4 Nc7 8. Qxc5 a6 9. b6 Ne6 10. Qc2 O-O 11. Be3 Bb7 12. Bc4 d6 13. Nc3 Nc5 14. Bxc5 dxc5 15. Na4 Nc6 16. O-O Nd4 17. Nxd4 Bxd4 18. Rad1 Rc8 19. Qe2 Qe8 20. b3 Bc6 21. Bxa6 Rb8 22. Rb1 e6 23. Rfc1 Qe7 24. Bb5 Ba8 25. Bd3 f5 26. exf5 gxf5 27. Rc4 Kh8 28. Kh1 Rg8 29. f3 Qh4 0-1

[Event "Srbia-chT"]
[Site "?"]
[Date "2000.??.??"]
[Round "?"]
[White "Ilincic Zlatko"]
[Black "Markovic Miroslav"]
[Result "1/2-1/2"]
[WhiteElo "2554"]
[BlackElo "2586"]
[PlyCount "55"]
[EventDate "2000.??.??"]
[Source "www.chesslib.no"]
[SourceDate "2004.05.04"]

1. d4 Nf6 2. c4 c5 3. d5 b5 4. Nf3 g6 5. Nbd2 bxc4 6. e4 Ba6 7. Bxc4 Bxc4 8. Nxc4 d6 9. O-O Bg7 10. Re1 O-O 11. Bd2 Nbd7 12. Bc3 Nb6 13. Qd3 Nxc4 14. Qxc4 Rb8 15. e5 dxe5 16. Bxe5 Rb7 17. Rad1 Rd7 18. Qxc5 Qa8 19. Bxf6 Bxf6 20. Ne5 Bxe5 21. Rxe5 Rc8 22. Qa3 Qb7 23. Rde1 Rc2 24. h3 Qxb2 25. Qxb2 Rxb2 26. Rxe7 Rxd5 27. Rxa7 Rdd2 28. Rf1 1/2-1/2

[Event "otb"]
[Site "otb"]
[Date "2007.05.26"]
[Round "6"]
[White "Sedlak Nikola"]
[Black "Vuckovic Bojan"]
[Result "1-0"]
[WhiteElo "2575"]
[BlackElo "2555"]
[PlyCount "101"]
[Source "www.chesslib.no"]
[SourceDate "2004.05.04"]

1. d4 Nf6 2. c4 c5 3. d5 b5 4. Qc2 bxc4 5. e4 e6 6. Bxc4 exd5 7. exd5 d6 8. Nc3 Be7 9. Nge2 O-O 10. O-O Nbd7 11. Ng3 Nb6 12. b3 Rb8 13. Re1 Nxc4 14. bxc4 Ng4 15. Bf4 Bf6 16. h3 Nxf2 17. Kxf2 Bd4+ 18. Be3 Qf6+ 19. Kg1 Bxc3 20. Ne4 Bxa1 21. Nxf6+ Bxf6 22. Rb1 Rxb1+ 23. Qxb1 Be5 24. Qc1 Bf5 25. Bf4 f6 26. Bxe5 fxe5 27. Qa3 e4 28. Qxa7 Re8 29. Kf2 e3+ 30. Ke1 e2 31. Qa4 Re7 32. Qb3 Be4 33. Qb8+ Kf7 34. Qxd6 Bxg2 35. Qf4+ Ke8 36. Qb8+ Kf7 37. d6 Rd7 38. Kxe2 Bxh3 39. a4 Be6 40. Kd3 Bf5+ 41. Kc3 Ke6 42. a5 Rxd6 43. Qc8+ Kf6 44. Qxc5 Re6 45. Qd5 Be4 46. Qd4+ Kf7 47. a6 Re8 48. a7 Bc6 49. Qd6 Ba8 50. Qd7+ Kf8 51. c5 1-0

[Event "American Open"]
[Site "American Open"]
[Date "1990.??.??"]
[Round "?"]
[White "Browne, Walter S"]
[Black "Anderson, Renard"]
[Result "1-0"]
[WhiteElo "2560"]
[BlackElo "2560"]
[PlyCount "51"]
[EventDate "1990.??.??"]
[Source "www.chesslib.no"]
[SourceDate "2004.05.04"]

1. d4 Nf6 2. c4 c5 3. d5 b5 4. f3 bxc4 5. e4 d6 6. Na3 g6 7. Nxc4 Bg7 8. Bd2 Nbd7 9. Na5 O-O 10. Nh3 Ne5 11. Nf2 e6 12. f4 Ned7 13. dxe6 fxe6 14. Be2 Ne8 15. Qb3 Nb6 16. h4 Bd7 17. h5 Rb8 18. hxg6 hxg6 19. Qg3 Qf6 20. e5 dxe5 21. Ng4 Qe7 22. Nxe5 Bxe5 23. fxe5 Nd5 24. Qh2 Ng7 25. Qh7+ Kf7 26. Bh6 1-0

[Event "Benidorm Hotel Bali"]
[Site "?"]
[Date "2002.11.29"]
[Round "1"]
[White "Paunovic Dragan"]
[Black "Psakhis Lev"]
[Result "1/2-1/2"]
[WhiteElo "2532"]
[BlackElo "2588"]
[PlyCount "69"]
[EventDate "2002.??.??"]
[Source "www.chesslib.no"]
[SourceDate "2004.05.04"]

1. d4 Nf6 2. Nf3 c5 3. d5 b5 4. c4 b4 5. g3 a5 6. a4 d6 7. Bg2 g6 8. b3 Bg7 9. Bb2 O-O 10. O-O e5 11. Nbd2 e4 12. Ne1 e3 13. fxe3 Ng4 14. Bxg7 Kxg7 15. Nc2 Qe7 16. e4 Nd7 17. e3 Nde5 18. Qe2 Bd7 19. Rae1 Rae8 20. h3 Nf6 21. Kh2 h5 22. Rf4 Ng8 23. Ref1 Nh6 24. Ne1 f6 25. Nd3 g5 26. R4f2 Ng6 27. Kg1 h4 28. g4 Ne5 29. Nxe5 Qxe5 30. Qd3 Qc3 31. Qxc3 bxc3 32. Nb1 Rb8 33. Nxc3 Rxb3 34. Nb5 Bxb5 35. axb5 1/2-1/2

[Event "Finjub30 GM1"]
[Site "Finjub30 GM1"]
[Date "1992.??.??"]
[Round "?"]
[White "McAlpine, Kenneth B"]
[Black "Slavchev, Petko Kolev"]
[Result "1/2-1/2"]
[WhiteElo "2555"]
[BlackElo "2565"]
[PlyCount "31"]
[EventDate "1992.??.??"]
[Source "www.chesslib.no"]
[SourceDate "2004.05.04"]

1. d4 Nf6 2. c4 c5 3. d5 b5 4. a4 bxc4 5. Nc3 g6 6. e4 d6 7. f4 Bg7 8. Bxc4 O-O 9. Nf3 Ba6 10. Qe2 Bxc4 11. Qxc4 Nbd7 12. O-O Nb6 13. Qe2 a5 14. Rd1 Qd7 15. e5 Ne8 16. Qe4 1/2-1/2

[Event "It (Open) Moscow RUS"]
[Site "?"]
[Date "2006.02.14"]
[Round "8"]
[White "Grachev Boris"]
[Black "Belikov Vladimir"]
[Result "1/2-1/2"]
[WhiteElo "2543"]
[BlackElo "2552"]
[PlyCount "46"]
[EventDate "2006.??.??"]
[Source "www.chesslib.no"]
[SourceDate "2004.05.04"]

1. d4 Nf6 2. c4 c5 3. d5 b5 4. Nd2 bxc4 5. e4 c3 6. bxc3 g6 7. c4 d6 8. Rb1 Bg7 9. Bd3 O-O 10. Ngf3 e5 11. O-O Nbd7 12. Re1 Nh5 13. Nb3 Nf4 14. Bf1 a5 15. Na1 Nb6 16. Nc2 Bd7 17. Bd2 h6 18. Kh1 Kh7 19. Na3 Nh5 20. Nb5 Nc8 21. Bd3 Nf6 22. h3 Ng8 23. Nh2 f5 1/2-1/2

[Event "ICS game"]
[Site "?"]
[Date "1997.??.??"]
[Round "?"]
[White "Gausel Einar"]
[Black "Christiansen Larry M"]
[Result "0-1"]
[WhiteElo "2530"]
[BlackElo "2560"]
[PlyCount "132"]
[EventDate "1997.??.??"]
[Source "www.chesslib.no"]
[SourceDate "2004.05.04"]

1. d4 Nf6 2. c4 c5 3. d5 b5 4. Nd2 g6 5. e4 d6 6. cxb5 a6 7. bxa6 Bg7 8. Bb5+ Nbd7 9. Ne2 Bxa6 10. Bxa6 Rxa6 11. Nc3 O-O 12. O-O Qa8 13. Qe2 Rb8 14. Nc4 Nb6 15. Nxb6 Raxb6 16. f4 Rb4 17. Kh1 h5 18. h3 h4 19. Qe1 Rd4 20. Qxh4 Nxe4 21. Kh2 Bf6 22. Qg4 Nxc3 23. bxc3 Re4 24. Qf3 Qa4 25. Bd2 Rb2 26. Rf2 Rc4 27. f5 g5 28. Be1 Rxf2 29. Qxf2 Rf4 30. Qe2 Rxf5 31. Bg3 Rxd5 32. Rf1 Be5 33. Bxe5 Rxe5 34. Qf2 Qc4 35. a4 Re2 36. Qf5 Re5 37. Qf3 Qf4+ 38. Qxf4 gxf4 39. Rxf4 Re3 40. h4 Rxc3 41. h5 Ra3 42. g4 f6 43. Kg2 Kg7 44. Kf2 d5 45. Rf5 e5 46. h6+ Kxh6 47. Rxf6+ Kg5 48. Rf5+ Kxg4 49. Rxe5 Rd3 50. a5 Kf4 51. Rh5 Ke4 52. Rh4+ Ke5 53. Ra4 Rb3 54. a6 Rb8 55. a7 Ra8 56. Ke3 Kd6 57. Kf4 Kc6 58. Ke5 d4 59. Ke4 Kb6 60. Kd5 Rxa7 61. Rc4 d3 62. Rc1 Ra4 63. Rb1+ Rb4 64. Re1 Rd4+ 65. Ke5 d2 66. Rd1 Kb5 0-1

[Event "Bulgaria (ch)"]
[Site "?"]
[Date "1989.??.??"]
[Round "?"]
[White "Georgiev, Kir"]
[Black "Ermenkov, E."]
[Result "1-0"]
[WhiteElo "2590"]
[BlackElo "2490"]
[PlyCount "83"]
[EventDate "1989.??.??"]
[Source "ChessBase"]
[SourceDate "1989.01.01"]

1. d4 Nf6 2. c4 c5 3. d5 b5 4. Nf3 b4 5. Nbd2 d6 6. a3 bxa3 7. Rxa3 g6 8. g3 Bg7 9. Bg2 O-O 10. O-O a5 11. b3 Nfd7 12. Qc2 Na6 13. Bb2 Nb4 14. Qb1 Bxb2 15. Qxb2 Nb6 16. h4 Ra7 17. Rfa1 h6 18. Ne1 e5 19. dxe6 Bxe6 20. Rxa5 Rxa5 21. Rxa5 f5 22. Ra7 Rf7 23. Rxf7 Kxf7 24. Nd3 Qf6 25. Qc1 Kg7 26. Nxb4 cxb4 27. Nf3 Qc3 28. Qxc3+ bxc3 29. Nd4 Kf6 30. Kf1 Nd7 31. f4 Nc5 32. Ke1 Na6 33. Kd1 Nb4 34. Nc6 Na2 35. Kc2 Bd7 36. Nd4 g5 37. hxg5+ hxg5 38. e3 gxf4 39. gxf4 Kg6 40. Bf3 Kf6 41. Ne2 d5 42. Bxd5 1-0

[Event "Sochi"]
[Site "Sochi"]
[Date "1985.??.??"]
[Round "?"]
[White "Agzamov, Georgy"]
[Black "Vaisser, Anatoli"]
[Result "1-0"]
[WhiteElo "2590"]
[BlackElo "2490"]
[PlyCount "77"]
[EventDate "1985.09.??"]
[Source "ChessBase"]

1. d4 Nf6 2. c4 c5 3. d5 b5 4. Nf3 b4 5. Nbd2 d6 6. e4 e5 7. Be2 g6 8. O-O Bh6 9. a3 Na6 10. Qa4+ Qd7 11. Qc2 O-O 12. Ne1 bxa3 13. Rxa3 Nb4 14. Qb1 Qe7 15. Nb3 Bxc1 16. Nxc1 Ne8 17. Nc2 Nxc2 18. Qxc2 f5 19. exf5 Bxf5 20. Qd2 Rb8 21. Bd1 Rb4 22. Qc3 Qh4 23. Be2 Rb7 24. Nb3 Nf6 25. Na5 Ne4 26. Qc1 Rbf7 27. Qe3 g5 28. Nc6 g4 29. Bd3 Ng5 30. Bxf5 Rxf5 31. Ne7+ Kh8 32. Nxf5 Rxf5 33. Qg3 Qh5 34. Rxa7 Ne4 35. Qb3 Rf8 36. Qb7 Qg6 37. Qe7 Qh6 38. Rfa1 Nxf2 39. Qxf8+ 1-0

[Event "CRO-Cup"]
[Site "Rabac"]
[Date "2003.05.26"]
[Round "1"]
[White "Tkachiev, Vladislav"]
[Black "Pap, Misa"]
[Result "1-0"]
[WhiteElo "2643"]
[BlackElo "2432"]
[PlyCount "105"]
[EventDate "2003.05.26"]
[Source "Roberto Alvarez"]
[SourceDate "2003.06.03"]

1. d4 Nf6 2. c4 c5 3. d5 b5 4. Nf3 b4 5. a3 g6 6. Be3 bxa3 7. Rxa3 d6 8. Nc3 Bg7 9. g3 O-O 10. Bg2 Na6 11. O-O Nb4 12. Qd2 Re8 13. Bh6 Nd7 14. Bxg7 Kxg7 15. Rfa1 a5 16. b3 h6 17. Bh3 Qb6 18. Kg2 Nf6 19. Bxc8 Rexc8 20. e4 Re8 21. Re1 e6 22. Raa1 Qb7 23. Rad1 exd5 24. exd5 Qd7 25. h3 Rxe1 26. Rxe1 Re8 27. Rxe8 Qxe8 28. Qf4 Nd3 29. Qd2 Nb4 30. Nb5 Nfxd5 31. Nxd6 Qe6 32. Nb7 Qb6 33. cxd5 Qxb7 34. d6 Nd5 35. Qxa5 Qc6 36. d7 Qxd7 37. Qxc5 Qb7 38. Qd4+ Kh7 39. Qc4 Nf6 40. b4 Ne4 41. b5 Nd6 42. Qc6 Qxc6 43. bxc6 Kg7 44. Ne5 Kf6 45. Ng4+ Ke6 46. Nxh6 Kd5 47. c7 Ke6 48. Kf3 Kd7 49. Kf4 f6 50. Ng8 Ne8 51. c8=Q+ Kxc8 52. Ne7+ Kd7 53. Nxg6 1-0

[Event "RUS Ch"]
[Site "Elista RUS"]
[Date "1995.??.??"]
[Round "4"]
[White "Razuvaev, Yuri S"]
[Black "Vasiukov, Evgeni A"]
[Result "1/2-1/2"]
[WhiteElo "2580"]
[BlackElo "2490"]
[PlyCount "44"]
[EventDate "1995.10.??"]
[Source "www.chesslib.no"]
[SourceDate "2004.05.04"]

1. d4 Nf6 2. c4 c5 3. d5 b5 4. Nf3 d6 5. cxb5 a6 6. e3 g6 7. Nc3 Bg7 8. a4 O-O 9. e4 Nbd7 10. Ra3 Ne8 11. Bd2 Nc7 12. Be2 axb5 13. axb5 Rb8 14. O-O Nb6 15. Bf4 Bg4 16. Nd2 Bd7 17. Rb3 f5 18. f3 Qe8 19. Bd3 Rf7 20. Kh1 Bd4 21. Qe2 fxe4 22. fxe4 Qf8 1/2-1/2

[Event "Luzern"]
[Site "?"]
[Date "1989.??.??"]
[Round "?"]
[White "Xu, Jun"]
[Black "Fedorowicz, J."]
[Result "0-1"]
[WhiteElo "2510"]
[BlackElo "2560"]
[PlyCount "86"]
[EventDate "1989.??.??"]
[Source "ChessBase"]
[SourceDate "1989.07.01"]

1. d4 Nf6 2. c4 c5 3. d5 b5 4. Nf3 Bb7 5. a4 b4 6. Nbd2 d6 7. e4 e5 8. g3 g6 9. Bg2 Bg7 10. O-O O-O 11. Ne1 Nbd7 12. f4 exf4 13. gxf4 Nh5 14. Nd3 f5 15. exf5 Bd4+ 16. Kh1 Rxf5 17. Nf3 Bg7 18. Be3 Nb6 19. Qc2 Ba6 20. Nd2 Rb8 21. Qb3 Rf8 22. Rae1 Bc8 23. Ne4 Bf5 24. Ng5 Qd7 25. Be4 h6 26. Bxf5 Qxf5 27. Nf3 a5 28. Nxc5 dxc5 29. Bxc5 Qh3 30. Rf2 Nd7 31. Bxf8 Rxf8 32. d6 Kh8 33. Nd4 Qh4 34. Qe3 Nxf4 35. Nc6 Nd3 36. Rxf8+ Nxf8 37. Rf1 Qxc4 38. Ne7 Kh7 39. Qg3 Ne5 40. Rd1 b3 41. Qg2 h5 42. Qd5 Qf4 43. Qg2 Qxa4 0-1

[Event "Ch team"]
[Site "?"]
[Date "2000.??.??"]
[Round "2"]
[White "Beliavsky Alexander G"]
[Black "Fogarasi Tibor"]
[Result "1/2-1/2"]
[WhiteElo "2640"]
[BlackElo "2429"]
[PlyCount "88"]
[EventDate "2000.??.??"]
[Source "www.chesslib.no"]
[SourceDate "2004.05.04"]

1. d4 Nf6 2. c4 c5 3. d5 b5 4. Nd2 bxc4 5. e4 e6 6. dxe6 dxe6 7. Bxc4 Bb7 8. Qe2 Be7 9. Ngf3 O-O 10. O-O Nc6 11. Nb3 a5 12. Bg5 a4 13. Bxf6 gxf6 14. Nbd2 a3 15. b3 Nd4 16. Nxd4 Qxd4 17. Rfe1 Qe5 18. Qe3 Rfd8 19. Bf1 Bd6 20. Nf3 Qf4 21. g3 Qxe3 22. Rxe3 Bf8 23. Rae1 Bh6 24. Rc3 Bd2 25. Nxd2 Rxd2 26. Re2 Rxe2 27. Bxe2 Bxe4 28. Bf3 Bxf3 29. Rxf3 Rd8 30. Rc3 Rd2 31. Rxc5 Rxa2 32. Ra5 Kg7 33. b4 Rb2 34. Rxa3 Rxb4 35. Kg2 f5 36. Ra2 e5 37. Ra5 f6 38. Ra8 h6 39. Ra7+ Kg6 40. Ra8 f4 41. Rg8+ Kf5 42. Rh8 Kg6 43. Rg8+ Kh7 44. Ra8 Kg6 1/2-1/2

[Event "Abu Dhabi (14eme open)"]
[Site "?"]
[Date "2005.08.16"]
[Round "3"]
[White "Djuric Stefan"]
[Black "Ghaem Maghami Ehsan"]
[Result "0-1"]
[WhiteElo "2463"]
[BlackElo "2603"]
[PlyCount "105"]
[EventDate "2005.??.??"]
[Source "www.chesslib.no"]
[SourceDate "2004.05.04"]

1. d4 Nf6 2. c4 c5 3. d5 b5 4. Nd2 bxc4 5. e4 d6 6. Ne2 g6 7. Nc3 Bg7 8. Nxc4 O-O 9. Be2 Ba6 10. O-O Nfd7 11. Kh1 Nb6 12. Ne3 Bxe2 13. Qxe2 Qc8 14. a4 Qa6 15. Nb5 Qb7 16. Ra3 N8d7 17. a5 Nc8 18. a6 Qb6 19. g4 Rb8 20. Nc3 Qc7 21. Rg1 e6 22. g5 Re8 23. Ng4 exd5 24. Nxd5 Qc6 25. Qf3 Ncb6 26. Nh6+ Bxh6 27. gxh6 Re6 28. Bg5 Rbe8 29. Re3 Kf8 30. b3 f5 31. Nc3 Ne5 32. Qf4 Nf7 33. f3 d5 34. exd5 Nxd5 35. Nxd5 Qxd5 36. Rxe6 Qxe6 37. Qc7 Qd5 38. Rf1 Ra8 39. Qe7+ Kg8 40. Bf4 Qd4 41. Re1 Rf8 42. Be5 Qd8 43. Bg7 Qxe7 44. Rxe7 Ra8 45. Kg2 f4 46. h4 Nd6 47. Rd7 Nf5 48. Be5 Nxh6 49. Rg7+ Kf8 50. Rb7 Nf5 51. Rxh7 Re8 52. Bxf4 Re2+ 53. Kf1 0-1